| 000 | 00880nam a22002897a 4500 | ||
|---|---|---|---|
| 003 | CHAP | ||
| 005 | 20220329140012.0 | ||
| 008 | 971013s r 00010 d | ||
| 010 | _a45331 | ||
| 011 | _a46303 | ||
| 035 | _a50444 | ||
| 040 | _cCHAP | ||
| 090 | _aFolleto 4033 | ||
| 110 |
_aUniversity of Washington Arboretum _9116772 |
||
| 245 | _aWoody plants of the Ericaceae family grown in the Pacific northwest | ||
| 260 |
_aWashington : _bThe University, _c(s.a.) |
||
| 300 | _a14 p. | ||
| 590 |
_aBATCH-UPD _b10 _c20130110 _lUCH01 _h1532 |
||
| 590 |
_aBATCH-UPD _b10 _c20130410 _lUCH01 _h0938 |
||
| 590 |
_aBATCH-UPD _b10 _c20130914 _lUCH01 _h1601 |
||
| 590 |
_aCONVERSION _b10 _c20130109 _lUCH01 _h1325 |
||
| 650 | 1 | 4 |
_aEricaceae. _937300 |
| 650 | 1 | 4 |
_aPlantas leƱosas. _989018 |
| 901 | _aBK | ||
| 942 | _cFOLL | ||
| 949 |
_aFolleto 4033 _bBC _cFOLL _d-113355 _eTS1 _i50444 _si |
||
| 999 |
_c45331 _d45331 |
||